Statistieken voor Vlaggen met het Meeste Groen

Klik hier om de quiz te nemen!

Algemene statistieken

  • Deze quiz is 215 keer genomen
  • De gemiddelde score is 12 van 15

Antwoordstatistieken

Antwoord% Correct
Brazilië
99%
Saoedi-Arabië
95%
Nigeria
94%
Pakistan
90%
Algerije
90%
Turkmenistan
87%
Bangladesh
84%
Zambia
77%
Burkina Faso
74%
Togo
74%
Dominica
71%
Mauritanië
70%
Guyana
70%
Sao Tome en Principe
63%
Salomonseilanden
58%

Scoreverdeling

Percentiel versus Aantal Correcte Antwoorden

Procent van Mensen met Elke Score

Uw Scoregeschiedenis

U heeft deze quiz nog niet genomen